|
|
|
|
| LEADER |
01898nam a2200349 u 4500 |
| 001 |
10030265 |
| 003 |
upatras |
| 005 |
20240131133132.0 |
| 008 |
990927s1994 us eng |
| 020 |
|
|
|a 0205140661
|
| 040 |
|
|
|a GR-PaULI
|c GR-PaULI
|
| 041 |
0 |
|
|a eng
|
| 082 |
0 |
4 |
|a 371.42
|
| 100 |
1 |
|
|a Pedersen, Paul
|d 1936-
|4 edt
|9 153759
|
| 245 |
1 |
0 |
|a Multicultural counseling in schools
|b a practical handbook
|c Paul Pedersen, John C. Carey editors
|
| 260 |
|
|
|a Boston
|b Allyn and Bacon
|c 1994
|
| 300 |
|
|
|a xvi, 254 p.
|c 24 cm.
|
| 504 |
|
|
|a Includes bibliographical references and index
|
| 650 |
|
4 |
|a Επαγγελματικός προσανατολισμός
|9 1027
|
| 650 |
|
4 |
|9 55719
|a Εκπαιδευτική συμβουλευτική
|
| 700 |
1 |
|
|a Carey, John C.,
|d 1946-
|4 edt
|9 153760
|
| 852 |
|
|
|a GR-PaULI
|b ΠΑΤΡΑ
|b ΒΚΠ
|b ΒΣ1
|k ΑΣΧΞ
|h 371.42 P
|m 051196
|p 025000068652
|t 1
|
| 852 |
|
|
|a GR-PaULI
|b ΠΑΤΡΑ
|b ΒΚΠ
|b ΒΣ1
|k ΑΣΧΞ
|h 371.42 P
|m 056655
|p 025000074987
|t 2
|
| 852 |
|
|
|a GR-PaULI
|b ΠΑΤΡΑ
|b ΠΤΔΕ
|k ΑΣΧΞ
|h 371.42 PED
|m 6334α
|p 025000068653
|t 3
|
| 852 |
|
|
|a GR-PaULI
|b ΠΑΤΡΑ
|b ΠΤΔΕ
|k ΑΣΧΞ
|h 371.42 PED
|m 6334β
|p 025000074986
|t 4
|
| 942 |
|
|
|2 ddc
|c BK15
|
| 952 |
|
|
|0 0
|1 0
|4 0
|6 371_420000000000000_P
|7 0
|9 199079
|a LISP
|b LISP
|c BSC
|d 2016-04-24
|i 051196
|l 0
|o 371.42 P
|p 025000068652
|r 2016-04-24 00:00:00
|t 1
|w 2016-04-24
|y BK15
|
| 952 |
|
|
|0 0
|1 0
|4 0
|6 371_420000000000000_P
|7 0
|9 199080
|a LISP
|b LISP
|c BSC
|d 2016-04-24
|i 056655
|l 0
|o 371.42 P
|p 025000074987
|r 2016-04-24 00:00:00
|t 2
|w 2016-04-24
|y BK15
|
| 952 |
|
|
|0 0
|1 0
|4 0
|6 371_420000000000000_PED
|7 0
|9 199081
|a PTDE
|b PTDE
|d 2016-04-24
|i 6334α
|l 0
|o 371.42 PED
|p 025000068653
|r 2016-04-24 00:00:00
|t 3
|w 2016-04-24
|y BK15
|
| 952 |
|
|
|0 0
|1 0
|4 0
|6 371_420000000000000_PED
|7 0
|9 199082
|a PTDE
|b PTDE
|d 2016-04-24
|i 6334β
|l 0
|o 371.42 PED
|p 025000074986
|r 2016-04-24 00:00:00
|t 4
|w 2016-04-24
|y BK15
|
| 998 |
|
|
|c ΣΥΨΑ
|d 1999-09
|
| 999 |
|
|
|c 122163
|d 122163
|